Biblioteca

Excavating Jesus : (Registro nro. 70958)

Detalles MARC
000 -LÍDER
Campo fijo de descripción fija 01495nam a2200385 i 4500
001 - NÚMERO DE CONTROL
Campo de control 768714001
003 - IDENTIFICADOR DEL NÚMERO DE CONTROL
Campo de control CO-MdFUSB
005 - FECHA Y HORA DE LA ULTIMA TRANSACCIÓN
control field 20260327154949.0
007 - CAMPO FIJO DE DESCRIPCIÓN FIJA--INFORMACIÓN GENERAL
Campo fijo de descripción fija ta
008 - ELEMENTOS DE LONGITUD FIJA -- INFORMACIÓN GENERAL
Campo fijo de descripción fija -- Información general 240922t2001 -usab||| b||| 001 0 eng d
020 ## - NÚMERO INTERNACIONAL NORMALIZADO PARA LIBROS
Número Internacional Normalizado del libro 0060616334
040 ## - FUENTE DE CATALOGACIÓN
Idioma de catalogación spa.
Agencia de catalogación original CO-MdFUSB
Agencia que realiza la transcripción CO-MdFUSB
Agencia que realiza la modificación CO-MdFUSBC
Convenciones de la descripción rda
041 ## - CÓDIGO DE IDIOMA
Código de idioma para texto/pista de sonido o título separado eng
082 ## - NÚMERO DE CLASIFICACIÓN DECIMAL DEWEY
Número de la edición del Dewey 23
Número de clasificación 232.908
Clave de autor-Numero de item C951
100 1# - ASIENTO PRINCIPAL--NOMBRE PERSONAL
Nombre personal Crossan, John Dominic
Fechas asociadas con el nombre 1934-
Término relacionador autor
245 1# - TÍTULO
Título del Material Excavating Jesus :
Parte restante del título - Subtitulo Beneath the Stones, Behind the Texts
Mención de responsabilidad, etc. / John Dominic Crossan , Jonathan L. Reed.
264 #1 - PRODUCCIÓN, PUBLICACIÓN, DISTRIBUCIÓN, MANUFACTURA, Y COPYRIGHT
Lugar de producción, publicación, distribución, manufactura San Francisco :
Nombre del productor, publicador, distribuidor Harper San Francisco,
Fecha de producción, publicación, distribución, manufactura, o copyright [2001]
264 #4 - PRODUCCIÓN, PUBLICACIÓN, DISTRIBUCIÓN, MANUFACTURA, Y COPYRIGHT
Fecha de producción, publicación, distribución, manufactura, o copyright ©2001
300 ## - DESCRIPCIÓN FÍSICA
Extensión 298 páginas
Otros detalles físicos ilustraciones, mapas en blanco y negro
Dimensiones ; 22 cm.
336 ## - TIPO DE CONTENIDO
Fuente rdacontent
Término de tipo de contenido texto
Código de tipo de contenido txt
337 ## - TIPO DE MEDIO
Fuente rdamedia
Nombre del tipo de medio sin mediación
Código del tipo de medio n
338 ## - TIPO DE SOPORTE
Fuente rdacarrier
Nombre del tipo de soporte volumen
Código Tipo de soporte nc
500 ## - NOTA GENERAL
Nota General Incluye índice, mapa de Palestina, lista de ilustraciones<br/>
505 ## - NOTA DE CONTENIDO
Nota de contenido con formato preestablecido Capas sobre capas sobre capas. -- Cómo construir un reino. -- Poniendo a Jesús en su lugar. -- La resistencia judía a la dominación romana. -- Belleza y ambigüedad en Jerusalén. -- Cómo enterrar a un rey.
563 ## - NOTA DE ENCUADERNACIÓN
Nota de encuadernación Tapa dura
650 #0 - ASIENTO SECUNDARIO DE MATERIA - TERMINO TEMÁTICO
Término temático o nombre geográfico como elemento de entrada Biblia
9 (RLIN) 16
650 #7 - ASIENTO SECUNDARIO DE MATERIA - TERMINO TEMÁTICO
Término temático o nombre geográfico como elemento de entrada Arqueología bíblica
Fuente del encabezamiento o término embne
9 (RLIN) 2124
653 ## - TÉRMINO DE INDIZACIÓN - NO CONTROLADO
Término no controlado Jesús histórico
653 ## - TÉRMINO DE INDIZACIÓN - NO CONTROLADO
Término no controlado Judaísmo — Historia — Época romana
653 ## - TÉRMINO DE INDIZACIÓN - NO CONTROLADO
Término no controlado Nuevo Testamento — Contexto histórico
700 ## - ASIENTO SECUNDARIO - NOMBRE PERSONAL
Nombre personal Reed, Jonathan L.
9 (RLIN) 10737
Responsabilidad autor
942 ## - TIPO DE MATERIAL (KOHA)
Tipo de Item KOHA Libros General
945 ## - INFORMACIÓN LOCAL DEL REGISTRO
Catalogador Catherine Arias Alvarez
Existencias
Estado de Material Estado de Perdido Forma de Clasificación Estado de Dañado No para Préstamo Colección Tomo Biblioteca de Origen Biblioteca Permanente Fecha de Adquisición Área Total de Préstamos Signatura Topográfica Código de Barras Última vez visto Ejemplar/Existencia Fecha de Remplazo Tipo de Material
    Dewey Decimal Classification     Colección General   Biblioteca FUSBC Biblioteca FUSBC 20/09/2024 TEOLOGÍA CRISTIANA   G 232.908 C951e 25034 22/09/2024 Ej. 1 22/09/2024 Libros General

Biblioteca FUSBC | Teléfono: (57+4) 349 88 10 Ext. 141| WhatsApp (+57) 3005338115 
E-mail: biblioteca@unisbc.edu.co | Calle 76 87-14 Robledo Palenque, Medellín, Colombia

Con tecnología Koha